| 000 | 00725nam a2200229 a 4500 | ||
|---|---|---|---|
| 001 | 52165 | ||
| 003 | BD-RjUL | ||
| 005 | 20211209075749.0 | ||
| 008 | 160906r19621954enka 001 0 eng | ||
| 035 | _a(BD-RjUL)52285 | ||
| 040 |
_aDLC _cDLC _dDLC _beng |
||
| 041 | _aeng | ||
| 082 |
_223 _a531 _bLAP 1981 |
||
| 100 | 1 |
_aConstant, F Woodbridge _9118703 |
|
| 245 | 1 | 0 |
_aTheoretical physics : _bmechanics of particles, rigid and elastic bodies, fluids, and heat flow. / _cF Woodbridge Constant |
| 260 |
_aLondon : _bAddison-Wesley Pub. Co., _cc1954, [Printing 1962] |
||
| 300 |
_axiv, 281 p. ; _c23 cm. |
||
| 500 | _aIncludes index | ||
| 650 |
_aMechanics _9156495 |
||
| 650 |
_aVector analysis. _9156496 |
||
| 942 |
_2ddc _cBK |
||
| 999 |
_c52165 _d52165 |
||